| 000 | 01391nam a22003737a 4500 | ||
|---|---|---|---|
| 003 | CHAP | ||
| 005 | 20220329143355.0 | ||
| 008 | 090121s2008 mx a r 00010 spa d | ||
| 010 | _a95679 | ||
| 011 | _a96651 | ||
| 035 | _a107307 | ||
| 040 | _cCHAP | ||
| 090 | _aTesis | ||
| 100 | 1 |
_aCalderón Marcial, Noris Dalia. _917405 |
|
| 245 | 1 | 0 |
_aAlgunas reacciones de defensa en diferenciales de Solanum spp. para razas de Phytophtora infestans (Mont.) de Bary _c/por Noris Dalia Calderón Marcial |
| 260 |
_aChapingo, Méx. : _bEl autor, _c2008 |
||
| 300 |
_ax, 70 h. : _bilus., cuadros, gráfs. |
||
| 502 | _aTesis (M.C. en Protección Vegetal) -- UACH. Departamento de Parasitología Agrícola | ||
| 590 |
_aALEPH _b10 _c20130110 _lUCH01 _h1525 |
||
| 590 |
_aBATCH-UPD _b10 _c20130110 _lUCH01 _h0758 |
||
| 590 |
_aBATCH-UPD _b10 _c20130410 _lUCH01 _h0437 |
||
| 590 |
_aBATCH-UPD _b10 _c20130914 _lUCH01 _h0817 |
||
| 590 |
_aCONVERSION _b10 _c20130109 _lUCH01 _h1353 |
||
| 650 | 1 | 4 |
_aEnzimas. _937195 |
| 650 | 1 | 4 |
_aFenoles. _940041 |
| 650 | 1 | 4 |
_aHongos patógenos. _956136 |
| 650 | 1 | 4 |
_aPapa _zMéxico (Edo.). _985306 |
| 650 | 1 | 4 |
_aPhytophthora infestans. _987925 |
| 650 | 1 | 4 |
_aSolanum. _9108360 |
| 901 | _aBK | ||
| 942 | _cFOLL | ||
| 949 |
_aTesis _bBC _cTES _d33724002080231 _eTS1 _gDonaciØn _h48520 _i107307 _sb |
||
| 949 |
_aTesis _bBC _cTES _d33724002080801 _eTS2 _fc.2 _gDonaciØn _h48521 _i107307 _sb |
||
| 999 |
_c95679 _d95679 |
||